Máximos precedentes. : derecho constitucional. Tomo II /

Guardado en:
Otros Autores: Abad, M., Beluscio, A. C., Flores, O., González Tocci, M. L., Manili, P. L., Márquez, A. M., Palazzo, E. L., Pérez Sanmartino, O.
Formato: Libro
Idioma:Spanish
Publicado: Buenos Aires : La Ley, 2013
Edición:1a. ed. 1a. reimp.
Materias:
Etiquetas: Agregar Etiqueta
Sin Etiquetas, Sea el primero en etiquetar este registro!
LEADER 00869nam a22002775a 4500
001 DER.der015454
008 251110s2013####|||||||||||||||||#||spa||
005 20251110154029.0
245 1 0 |a Máximos precedentes. :  |b derecho constitucional.  |n Tomo II /  |c dirigido por Pablo L. Manili. 
250 |a 1a. ed. 1a. reimp. 
260 |a Buenos Aires :  |b La Ley,  |c 2013 
300 |a 891 p. 
500 |a Derechos fundamentales. 
508 |a Corte Suprema de Justicia de la Nación 
020 |a 9789870325420 
700 1 |a Manili, Pablo L.,  |e dir. 
700 1 |a Abad, M. 
700 1 |a Beluscio, A. C. 
700 1 |a Flores, O. 
700 1 |a González Tocci, M. L. 
700 1 |a Manili, P. L. 
700 1 |a Márquez, A. M. 
700 1 |a Palazzo, E. L. 
700 1 |a Pérez Sanmartino, O. 
650 7 |a DERECHO CONSTITUCIONAL 
859 |a DERECHO  |b BIB. DERECHO  |h 342  |i MAX  |p 007975  |3 Tomo II